Rivista di diritto privato

Detalles Bibliográficos
Formato: Desconocido
Lenguaje:inglés
Publicado: Bari : Cacucci editores,
Materias:
Acceso en línea:Acceso restringido

MARC

LEADER 00000ny a22000003n 4500
005 2011051304084.0
008 100806s 19u9990it qr 000 engdd
022 |a 1128-2142 
035 |a 4668 
040 |a BUS  |d vLex 
080 |a 347(450)(05) 
090 |c 1848  |d 1848 
245 0 0 |a Rivista di diritto privato  |h [Recurso electrn̤ico] 
256 |a Servicio en ln̕ea 
260 |a Bari :  |b Cacucci editores, 
310 |a Trimestral 
506 1 |a Contenido solo disponible en los productos indicados  |d vLex Global  |d vLex Global (Academic Edition, excluding Law Schools)  |d vLex Global (U.S. Academic Edition, Law Schools)  |d vLex Global (U.S. Academic Edition, excluding Law Schools)  |d vLex Global (Academic Edition, Law Schools) 
650 0 4 |a Derecho civil  |z Italia  |x Publicaciones perid̤icas 
740 0 |a vLex Revista (Servicios en ln̕ea) 
843 |a Electrn̤ica. Abierta 
853 |8 1  |i (year)  |j (month)  |k (day) 
856 4 0 |u http://vlex.com/source/4668  |z Acceso restringido 
942 |c REV